Schyľuje sa k súboju o post predsedu KDH

Bibliographic Details
Main Author: Stupňan, Igor (Author)
Format: Article
Language:Slovak
Subjects:

MARC

LEADER 00000nab a2200000 a 4500
001 vtls000757397
003 SK-MaSNL
005 20260303183350.0
008 180205c2000 xo 0 slo
015 |a SNBRB2001/05-15181 
035 |a CLN000109184 
040 |a SNKBUCL  |b slo  |c SNKBUCL  |e AACR2 
041 0 |a slo 
044 |a xo  |c SK 
080 |a 329.3:28(437.6)KDH  |2 UDC-MRF-SK2 
100 1 |a Stupňan, Igor  |4 aut  |9 511754 
245 1 0 |a Schyľuje sa k súboju o post predsedu KDH  |c Igor Stupňan 
610 2 7 |a Kresťanskodemokratické hnutie (politická strana)  |2 snkbucl  |9 34649 
655 7 |a články z novín a časopisov  |2 snkbucl  |9 267496 
773 0 |t Sme  |g Roč. 8, č. 219 (23.9.2000), s. 1 
850 |a Slovenská národná knižnica v Martine 
852 |a SNK  |b KIS3GCP 
958 |a RBX 
999 |c 2120713  |d 2122643